Introduction to physics for scientists and engineers /
Salvato in:
| Autore principale: | |
|---|---|
| Natura: | Libro |
| Lingua: | inglese |
| Pubblicazione: |
New York :
McGraw-Hill,
1986
|
| Edizione: | 1.vyd. |
| Soggetti: | |
| Tags: |
Nessun Tag, puoi essere il primo ad aggiungerne!!
|
MARC
| LEADER | 00000nam a22000003a 4500 | ||
|---|---|---|---|
| 001 | stu5034 | ||
| 005 | 20150617225811.9 | ||
| 008 | 931220s1986----xxu-----------------eng-d | ||
| 020 | |a 0-07-008871-3 | ||
| 040 | |a STU |b slo | ||
| 041 | 0 | |a eng | |
| 044 | |a xxu | ||
| 080 | |a 53 |7 stu_us_auth*stu7966 | ||
| 100 | 1 | |a Bueche, Frederick J |4 aut | |
| 245 | 1 | |a Introduction to physics for scientists and engineers / |c [aut.] Bueche,Frederick J | |
| 250 | |a 1.vyd. | ||
| 260 | |a New York : |b McGraw-Hill, |c 1986 | ||
| 300 | |a 948 s | ||
| 650 | 7 | |a fyzika |2 stusub | |
| 996 | |b 284EK07564 |c E*78538 |l EE01 |s A |a 24 |w stu5034_0002 | ||